The Dark Side of the Moon - Statistics

General Stats
  • This quiz has been taken 18 times
  • The average score is 7 of 10
Answer Stats
Answer % Correct
Money
93%
Time
93%
Brain Damage
87%
Breathe (In the Air)
80%
Eclipse
73%
The Great Gig in the Sky
73%
Us and Them
73%
Any Colour You Like
53%
Speak to Me
53%
On the Run
40%
No matching quizzes found
Score Distribution
Percent of People with Each Score
Percentile by Number Answered
Your Score History
You have not taken this quiz